[Event "Classic Open"]
[Site "Estonia Resort Hotel & Spa conference center, Parnu, EE"]
[Date "2025.08.12"]
[Round "2"]
[White "Sharan, Rao"]
[Black "Nissinen, Niilo Man"]
[Result "1-0"]
[Board "8"]
[WhiteFideId "5073464"]
[BlackFideId "30950767"]
[WhiteTitle "IM"]
[BlackTitle "FM"]
[WhiteElo "2365"]
[BlackElo "2150"]
[WhiteTeam "IND"]
[BlackTeam "HKG"]
[WhiteClock "0:13:37"]
[BlackClock "0:01:36"]
[Variant "Standard"]

1. Nf3 {[%clk 1:27:06]}  d5 {[%clk 1:30:47]} 2. b3 {[%clk 1:27:27]}  Nf6 {[%clk 1:31:03]} 3. Bb2 {[%clk 1:27:49]}  e6 {[%clk 1:31:18]} 4. e3 {[%clk 1:28:15]}  Bd6 {[%clk 1:31:18]} 5. Be2 {[%clk 1:28:37]}  b6 {[%clk 1:30:14]} 6. O-O {[%clk 1:29:00]}  Bb7 {[%clk 1:30:18]} 7. d4 {[%clk 1:29:19]}  O-O {[%clk 1:30:31]} 8. Nbd2 {[%clk 1:29:44]}  Nbd7 {[%clk 1:27:43]} 9. c4 {[%clk 1:28:29]}  c5 {[%clk 1:25:04]} 10. Rc1 {[%clk 1:28:40]}  Qe7 {[%clk 1:24:41]} 11. Rc2 {[%clk 1:27:15]}  cxd4 {[%clk 1:11:48]} 12. Nxd4 {[%clk 1:27:06]}  Rac8 {[%clk 1:10:58]} 13. Qa1 {[%clk 1:26:43]}  Bb8 {[%clk 1:09:13]} 14. Rfc1 {[%clk 1:22:45]}  Rfd8 {[%clk 1:04:56]} 15. cxd5 {[%clk 1:20:27]}  Rxc2 {[%clk 1:03:31]} 16. Rxc2 {[%clk 1:20:32]}  Bxd5 {[%clk 0:56:53]} 17. Nc6 {[%clk 1:12:50]}  Qd6 {[%clk 0:53:13]} 18. Nxb8 {[%clk 1:12:32]}  Qxb8 {[%clk 0:53:10]} 19. Bb5 {[%clk 1:07:14]}  Rc8 {[%clk 0:33:44]} 20. Rxc8+ {[%clk 0:59:46]}  Qxc8 {[%clk 0:34:12]} 21. Qc1 {[%clk 0:50:57]}  Qd8 {[%clk 0:31:13]} 22. f3 {[%clk 0:48:50]}  Bb7 {[%clk 0:26:18]} 23. Bf1 {[%clk 0:45:53]}  Nb8 {[%clk 0:22:27]} 24. Nc4 {[%clk 0:45:49]}  Nc6 {[%clk 0:20:57]} 25. a4 {[%clk 0:42:58]}  Nd5 {[%clk 0:16:55]} 26. e4 {[%clk 0:41:12]}  Ndb4 {[%clk 0:16:17]} 27. Qc3 {[%clk 0:39:31]}  f6 {[%clk 0:13:47]} 28. e5 {[%clk 0:33:07]}  Nd5 {[%clk 0:13:03]} 29. Qd2 {[%clk 0:33:12]}  Nxe5 {[%clk 0:12:06]} 30. Nxe5 {[%clk 0:33:26]}  fxe5 {[%clk 0:12:31]} 31. Bxe5 {[%clk 0:33:38]}  Qf8 {[%clk 0:10:24]} 32. Qd4 {[%clk 0:32:16]}  Nf6 {[%clk 0:09:10]} 33. Bc4 {[%clk 0:30:05]}  Qe7 {[%clk 0:08:20]} 34. h3 {[%clk 0:27:09]}  Kf7 {[%clk 0:08:06]} 35. f4 {[%clk 0:23:03]}  Bc8 {[%clk 0:03:33]} 36. f5 {[%clk 0:17:33]}  Ne8 {[%clk 0:02:23]} 37. Qg4 {[%clk 0:15:48]}  Nf6 {[%clk 0:01:26]} 38. Qf4 {[%clk 0:15:25]}  Kg8 {[%clk 0:00:48]} 39. Bd6 {[%clk 0:14:18]}  Qe8 {[%clk 0:00:49]} 40. Qe5 {[%clk 0:14:36]}  Kf7 {[%clk 0:01:01]} 41. Bb8 {[%clk 0:14:17]}  Qe7 {[%clk 0:00:32]} 42. b4 {[%clk 0:13:20]}  g6 {[%clk 0:00:31]} 43. fxe6+ {[%clk 0:09:46]}  Bxe6 {[%clk 0:00:54]} 44. Bxe6+ {[%clk 0:09:07]}  Qxe6 {[%clk 0:01:23]} 45. Qxe6+ {[%clk 0:09:31]}  Kxe6 {[%clk 0:01:48]} 46. Bxa7 {[%clk 0:09:56]}  Nd5 {[%clk 0:01:35]} 47. a5 {[%clk 0:10:19]}  bxa5 {[%clk 0:01:28]} 48. bxa5 {[%clk 0:10:48]}  Kd7 {[%clk 0:01:13]} 49. Bd4 {[%clk 0:10:31]}  Kc6 {[%clk 0:00:59]} 50. a6 {[%clk 0:10:41]}  Nc7 {[%clk 0:00:58]} 51. a7 {[%clk 0:11:06]}  Kb7 {[%clk 0:01:23]} 52. Kf2 {[%clk 0:11:33]}  Ne6 {[%clk 0:00:37]} 53. Be3 {[%clk 0:11:57]}  Nd8 {[%clk 0:00:33]} 54. Kf3 {[%clk 0:12:22]}  Nf7 {[%clk 0:00:32]} 55. Ke4 {[%clk 0:12:47]}  Nd6+ {[%clk 0:00:34]} 56. Kd5 {[%clk 0:13:03]}  Nf5 {[%clk 0:00:37]} 57. Bf2 {[%clk 0:13:29]}  Ng7 {[%clk 0:00:33]} 58. Ke5 {[%clk 0:13:53]}  Nh5 {[%clk 0:00:42]} 59. Be3 {[%clk 0:12:30]}  Ng3 {[%clk 0:00:41]} 60. Kf6 {[%clk 0:12:39]}  Nf5 {[%clk 0:00:46]} 61. Bf2 {[%clk 0:13:04]}  Nd6 {[%clk 0:00:34]} 62. Kg7 {[%clk 0:13:14]}  Ne4 {[%clk 0:00:58]} 63. Be3 {[%clk 0:13:22]}  g5 {[%clk 0:01:12]} 64. Kxh7 {[%clk 0:13:24]}  g4 {[%clk 0:01:36]} 65. h4 {[%clk 0:13:37]} 1-0

[Event "Classic Open"]
[Site "Estonia Resort Hotel & Spa conference center, Parnu, EE"]
[Date "2025.08.12"]
[Round "2"]
[White "Kull, Tormi"]
[Black "Fischer, Daniel"]
[Result "0-1"]
[Board "9"]
[WhiteFideId "4510151"]
[BlackFideId "1328360"]
[WhiteTitle "CM"]
[BlackTitle "IM"]
[WhiteElo "2148"]
[BlackElo "2360"]
[WhiteTeam "EST"]
[BlackTeam "SUI"]
[WhiteClock "0:52:26"]
[BlackClock "0:38:02"]
[Variant "Standard"]

1. c4 {[%clk 1:30:56]}  e5 {[%clk 1:29:51]} 2. g3 {[%clk 1:31:20]}  Nf6 {[%clk 1:30:11]} 3. Bg2 {[%clk 1:31:43]}  d5 {[%clk 1:30:03]} 4. cxd5 {[%clk 1:32:05]}  Nxd5 {[%clk 1:30:29]} 5. Nf3 {[%clk 1:32:29]}  Nc6 {[%clk 1:30:52]} 6. O-O {[%clk 1:32:51]}  Nb6 {[%clk 1:31:12]} 7. Nc3 {[%clk 1:32:49]}  Be7 {[%clk 1:31:13]} 8. a3 {[%clk 1:33:11]}  O-O {[%clk 1:31:02]} 9. b4 {[%clk 1:33:36]}  Re8 {[%clk 1:30:45]} 10. Bb2 {[%clk 1:32:44]}  Bf8 {[%clk 1:30:23]} 11. d3 {[%clk 1:32:44]}  a5 {[%clk 1:28:40]} 12. b5 {[%clk 1:23:21]}  Nd4 {[%clk 1:28:58]} 13. Nxd4 {[%clk 1:14:57]}  exd4 {[%clk 1:29:22]} 14. Na4 {[%clk 1:15:18]}  Nxa4 {[%clk 1:18:20]} 15. Qxa4 {[%clk 1:15:12]}  Bc5 {[%clk 1:10:44]} 16. Rac1 {[%clk 1:12:36]}  Bb6 {[%clk 1:09:57]} 17. Rfe1 {[%clk 1:04:16]}  Rb8 {[%clk 1:08:37]} 18. Rc2 {[%clk 1:01:00]}  Bf5 {[%clk 1:06:02]} 19. Qc4 {[%clk 0:59:22]}  Be6 {[%clk 1:02:58]} 20. Qa4 {[%clk 0:59:33]}  Qd7 {[%clk 0:58:19]} 21. Bc1 {[%clk 0:57:58]}  Bf5 {[%clk 0:57:23]} 22. Qc4 {[%clk 0:57:20]}  Re5 {[%clk 0:54:24]} 23. Bf4 {[%clk 0:56:25]}  Rxb5 {[%clk 0:48:30]} 24. Qa2 {[%clk 0:53:42]}  Be6 {[%clk 0:45:32]} 25. Qa1 {[%clk 0:53:42]}  Bb3 {[%clk 0:43:57]} 26. Rcc1 {[%clk 0:53:19]}  a4 {[%clk 0:43:31]} 27. e4 {[%clk 0:52:56]}  Ba5 {[%clk 0:40:24]} 28. Rf1 {[%clk 0:52:26]}  g5 {[%clk 0:38:02]} 0-1

[Event "Classic Open"]
[Site "Estonia Resort Hotel & Spa conference center, Parnu, EE"]
[Date "2025.08.12"]
[Round "2"]
[White "Chibukhchian, Artur"]
[Black "Rudzkis, Vilius"]
[Result "0-1"]
[Board "10"]
[WhiteFideId "13300717"]
[BlackFideId "12827355"]
[WhiteTitle "GM"]
[WhiteElo "2358"]
[BlackElo "2146"]
[WhiteTeam "ARM"]
[BlackTeam "LTU"]
[WhiteClock "0:00:31"]
[BlackClock "0:00:14"]
[Variant "Standard"]

1. e4 {[%clk 1:24:55]}  c5 {[%clk 1:30:04]} 2. Nf3 {[%clk 1:25:16]}  Nc6 {[%clk 1:29:46]} 3. Bb5 {[%clk 1:24:35]}  g6 {[%clk 1:28:53]} 4. Bxc6 {[%clk 1:24:48]}  dxc6 {[%clk 1:28:22]} 5. d3 {[%clk 1:25:03]}  Bg7 {[%clk 1:27:56]} 6. h3 {[%clk 1:25:19]}  Nf6 {[%clk 1:25:19]} 7. Nc3 {[%clk 1:25:10]}  O-O {[%clk 1:25:00]} 8. Be3 {[%clk 1:24:22]}  b6 {[%clk 1:24:29]} 9. Qd2 {[%clk 1:23:54]}  Ne8 {[%clk 1:18:59]} 10. Bh6 {[%clk 1:13:26]}  Nc7 {[%clk 1:16:52]} 11. O-O {[%clk 1:08:29]}  Nb5 {[%clk 1:05:16]} 12. Bxg7 {[%clk 1:07:14]}  Kxg7 {[%clk 1:05:13]} 13. Ne2 {[%clk 1:07:07]}  f6 {[%clk 1:01:18]} 14. a4 {[%clk 1:03:20]}  Nc7 {[%clk 0:52:56]} 15. Nh2 {[%clk 0:48:14]}  Ne6 {[%clk 0:36:48]} 16. f4 {[%clk 0:45:21]}  Nd4 {[%clk 0:26:17]} 17. Nf3 {[%clk 0:43:08]}  Nxe2+ {[%clk 0:23:43]} 18. Qxe2 {[%clk 0:41:30]}  Qd6 {[%clk 0:21:34]} 19. e5 {[%clk 0:27:30]}  Qd5 {[%clk 0:20:56]} 20. a5 {[%clk 0:27:28]}  Be6 {[%clk 0:20:02]} 21. Ra4 {[%clk 0:22:51]}  Rfe8 {[%clk 0:15:20]} 22. b3 {[%clk 0:13:28]}  Qd7 {[%clk 0:14:53]} 23. Qf2 {[%clk 0:05:21]}  b5 {[%clk 0:03:35]} 24. exf6+ {[%clk 0:04:36]}  exf6 {[%clk 0:04:00]} 25. Re4 {[%clk 0:04:59]}  c4 {[%clk 0:03:19]} 26. dxc4 {[%clk 0:04:05]}  bxc4 {[%clk 0:03:43]} 27. bxc4 {[%clk 0:04:27]}  Bf5 {[%clk 0:03:13]} 28. Rd4 {[%clk 0:04:45]}  Qc7 {[%clk 0:03:28]} 29. g4 {[%clk 0:02:50]}  Be4 {[%clk 0:02:33]} 30. g5 {[%clk 0:01:05]}  Qxf4 {[%clk 0:01:29]} 31. Rd7+ {[%clk 0:01:06]}  Kg8 {[%clk 0:01:47]} 32. gxf6 {[%clk 0:00:44]}  Qxf6 {[%clk 0:01:53]} 33. Qd4 {[%clk 0:00:34]}  Re6 {[%clk 0:01:04]} 34. Qxf6 {[%clk 0:00:33]}  Rxf6 {[%clk 0:01:31]} 35. Ng5 {[%clk 0:00:32]}  Rxf1+ {[%clk 0:00:38]} 36. Kxf1 {[%clk 0:01:01]}  Bxc2 {[%clk 0:00:41]} 37. Nxh7 {[%clk 0:01:20]}  Bf5 {[%clk 0:00:36]} 38. Nf6+ {[%clk 0:01:44]}  Kf8 {[%clk 0:01:01]} 39. Rc7 {[%clk 0:00:33]}  Bd3+ {[%clk 0:01:00]} 40. Kf2 {[%clk 0:00:57]}  Bxc4 {[%clk 0:00:54]} 41. Kg3 {[%clk 0:00:31]}  Be6 {[%clk 0:00:39]} 42. h4 {[%clk 0:00:32]}  Rc8 {[%clk 0:00:40]} 43. Rxa7 {[%clk 0:00:44]}  c5 {[%clk 0:01:04]} 44. Rh7 {[%clk 0:00:33]}  Rc6 {[%clk 0:00:50]} 45. Rb7 {[%clk 0:00:36]}  c4 {[%clk 0:00:34]} 46. Rb6 {[%clk 0:00:42]}  Rxb6 {[%clk 0:00:54]} 47. axb6 {[%clk 0:01:11]}  Bc8 {[%clk 0:01:14]} 48. Kf4 {[%clk 0:01:10]}  Ke7 {[%clk 0:00:37]} 49. Ke5 {[%clk 0:00:50]}  Bb7 {[%clk 0:00:49]} 50. Ne4 {[%clk 0:00:33]}  Kd7 {[%clk 0:00:34]} 51. Nd6 {[%clk 0:00:32]}  Ba6 {[%clk 0:00:33]} 52. Kd5 {[%clk 0:00:31]}  c3 {[%clk 0:00:48]} 53. b7 {[%clk 0:00:32]}  Kc7 {[%clk 0:01:11]} 54. b8=Q+ {[%clk 0:00:31]}  Kxb8 {[%clk 0:00:14]} 0-1

[Event "Classic Open"]
[Site "Estonia Resort Hotel & Spa conference center, Parnu, EE"]
[Date "2025.08.12"]
[Round "2"]
[White "Povilaitis, Tomas"]
[Black "Gaponenko, Inna"]
[Result "1/2-1/2"]
[Board "11"]
[WhiteFideId "12811700"]
[BlackFideId "14101181"]
[BlackTitle "IM"]
[WhiteElo "2123"]
[BlackElo "2338"]
[WhiteTeam "LTU"]
[BlackTeam "UKR"]
[WhiteClock "0:18:22"]
[BlackClock "0:03:44"]
[Variant "Standard"]

1. e4 {[%clk 1:30:56]}  Nf6 {[%clk 1:30:50]} 2. e5 {[%clk 1:31:12]}  Nd5 {[%clk 1:31:17]} 3. c4 {[%clk 1:31:34]}  Nb6 {[%clk 1:31:41]} 4. d4 {[%clk 1:31:59]}  d6 {[%clk 1:32:08]} 5. exd6 {[%clk 1:32:23]}  cxd6 {[%clk 1:32:33]} 6. Nc3 {[%clk 1:32:16]}  g6 {[%clk 1:32:58]} 7. Be3 {[%clk 1:32:42]}  Bg7 {[%clk 1:33:25]} 8. Rc1 {[%clk 1:33:06]}  O-O {[%clk 1:33:45]} 9. b3 {[%clk 1:32:19]}  e5 {[%clk 1:29:09]} 10. dxe5 {[%clk 1:32:42]}  dxe5 {[%clk 1:29:35]} 11. Qxd8 {[%clk 1:33:04]}  Rxd8 {[%clk 1:29:58]} 12. c5 {[%clk 1:33:28]}  N6d7 {[%clk 1:29:27]} 13. Bc4 {[%clk 1:32:45]}  Nc6 {[%clk 1:06:56]} 14. Ne4 {[%clk 1:29:10]}  Nf6 {[%clk 1:07:13]} 15. Nd6 {[%clk 1:22:01]}  Rd7 {[%clk 0:41:59]} 16. Nf3 {[%clk 1:01:58]}  Re7 {[%clk 0:38:06]} 17. Ng5 {[%clk 0:59:36]}  Nd8 {[%clk 0:36:46]} 18. Rd1 {[%clk 0:51:57]}  Bd7 {[%clk 0:33:51]} 19. O-O {[%clk 0:49:16]}  h6 {[%clk 0:26:40]} 20. Nge4 {[%clk 0:48:20]}  Nxe4 {[%clk 0:26:26]} 21. Nxe4 {[%clk 0:48:48]}  Bc6 {[%clk 0:25:59]} 22. Nd6 {[%clk 0:47:22]}  Ne6 {[%clk 0:22:36]} 23. b4 {[%clk 0:47:24]}  a6 {[%clk 0:22:59]} 24. f4 {[%clk 0:42:04]}  exf4 {[%clk 0:09:11]} 25. Bxf4 {[%clk 0:42:29]}  Nxf4 {[%clk 0:09:36]} 26. Rxf4 {[%clk 0:42:52]}  Rf8 {[%clk 0:10:04]} 27. Rdf1 {[%clk 0:39:16]}  Be5 {[%clk 0:10:13]} 28. Rxf7 {[%clk 0:37:38]}  Bd4+ {[%clk 0:09:39]} 29. Kh1 {[%clk 0:37:22]}  Rexf7 {[%clk 0:08:52]} 30. Rxf7 {[%clk 0:34:02]}  Rxf7 {[%clk 0:09:17]} 31. Nxf7 {[%clk 0:34:04]}  Kf8 {[%clk 0:03:29]} 32. Nd8 {[%clk 0:18:05]}  Ke7 {[%clk 0:03:55]} 33. Nxc6+ {[%clk 0:17:43]}  bxc6 {[%clk 0:04:22]} 34. Bxa6 {[%clk 0:18:07]}  Kd7 {[%clk 0:04:40]} 35. a4 {[%clk 0:17:34]}  Kc7 {[%clk 0:04:47]} 36. Bd3 {[%clk 0:17:22]}  g5 {[%clk 0:05:09]} 37. Be4 {[%clk 0:17:46]}  Bc3 {[%clk 0:02:57]} 38. b5 {[%clk 0:17:53]}  cxb5 {[%clk 0:03:24]} 39. axb5 {[%clk 0:18:19]}  Bd4 {[%clk 0:03:51]} 40. c6 {[%clk 0:18:32]}  h5 {[%clk 0:04:08]} 41. g3 {[%clk 0:18:46]}  h4 {[%clk 0:03:55]} 42. g4 {[%clk 0:17:47]}  Be5 {[%clk 0:04:08]} 43. Kg2 {[%clk 0:17:59]}  Kb6 {[%clk 0:04:26]} 44. Bd3 {[%clk 0:18:22]}  Bf4 {[%clk 0:04:20]} 45. h3 {[%clk 0:18:46]}  Kc7 {[%clk 0:04:12]} 46. Kf3 {[%clk 0:19:07]}  Kb6 {[%clk 0:02:54]} 47. Ke4 {[%clk 0:18:17]}  Kc7 {[%clk 0:03:18]} 48. Kd5 {[%clk 0:18:06]}  Bg3 {[%clk 0:02:45]} 49. Bg6 {[%clk 0:18:00]}  Bf4 {[%clk 0:02:44]} 50. Be8 {[%clk 0:18:25]}  Bg3 {[%clk 0:02:53]} 51. Kc5 {[%clk 0:17:36]}  Bf2+ {[%clk 0:03:18]} 52. Kb4 {[%clk 0:18:00]}  Kb6 {[%clk 0:03:44]} 53. Bd7 {[%clk 0:18:22]} 1/2-1/2

[Event "Classic Open"]
[Site "Estonia Resort Hotel & Spa conference center, Parnu, EE"]
[Date "2025.08.12"]
[Round "3"]
[White "Wartiovaara, Oliver"]
[Black "Kazakouski, Valery"]
[Result "0-1"]
[Board "1"]
[WhiteFideId "513024"]
[BlackFideId "13507443"]
[WhiteTitle "FM"]
[BlackTitle "GM"]
[WhiteElo "2310"]
[BlackElo "2584"]
[WhiteTeam "FIN"]
[BlackTeam "LTU"]
[WhiteClock "0:48:00"]
[BlackClock "0:38:07"]
[Variant "Standard"]

1. e4 {[%clk 1:30:57]}  c5 {[%clk 1:30:12]} 2. Nf3 {[%clk 1:31:23]}  d6 {[%clk 1:30:32]} 3. d4 {[%clk 1:31:41]}  cxd4 {[%clk 1:30:56]} 4. Nxd4 {[%clk 1:32:08]}  Nf6 {[%clk 1:31:17]} 5. Nc3 {[%clk 1:32:35]}  a6 {[%clk 1:31:41]} 6. Bc4 {[%clk 1:32:53]}  e6 {[%clk 1:31:51]} 7. a3 {[%clk 1:33:11]}  Be7 {[%clk 1:28:19]} 8. Be3 {[%clk 1:32:51]}  O-O {[%clk 1:28:37]} 9. Qe2 {[%clk 1:33:13]}  Nc6 {[%clk 1:27:22]} 10. O-O-O {[%clk 1:32:08]}  Qc7 {[%clk 1:27:27]} 11. Ba2 {[%clk 1:25:12]}  b5 {[%clk 1:26:29]} 12. Nxc6 {[%clk 1:23:54]}  Qxc6 {[%clk 1:26:52]} 13. h4 {[%clk 1:19:16]}  Rb8 {[%clk 1:20:06]} 14. h5 {[%clk 1:16:04]}  a5 {[%clk 1:14:13]} 15. h6 {[%clk 1:13:17]}  g6 {[%clk 1:00:05]} 16. e5 {[%clk 1:09:25]}  dxe5 {[%clk 0:56:43]} 17. Bg5 {[%clk 1:09:43]}  b4 {[%clk 0:40:14]} 18. Qxe5 {[%clk 1:07:40]}  bxc3 {[%clk 0:40:26]} 19. Qxb8 {[%clk 0:58:22]}  Nd7 {[%clk 0:38:50]} 20. Qg3 {[%clk 0:57:05]}  Qb5 {[%clk 0:39:05]} 21. Rd5 {[%clk 0:54:12]}  exd5 {[%clk 0:36:01]} 22. Bxe7 {[%clk 0:54:04]}  Qxb2+ {[%clk 0:36:23]} 23. Kd1 {[%clk 0:54:30]}  Qa1+ {[%clk 0:36:41]} 24. Ke2 {[%clk 0:54:54]}  Ba6+ {[%clk 0:37:04]} 25. Kf3 {[%clk 0:52:29]}  Qxh1 {[%clk 0:37:24]} 26. Qd6 {[%clk 0:50:37]}  Qh5+ {[%clk 0:37:32]} 27. Kf4 {[%clk 0:47:29]}  Qh2+ {[%clk 0:37:35]} 28. g3 {[%clk 0:47:36]}  Qxf2+ {[%clk 0:37:57]} 29. Kg5 {[%clk 0:48:00]}  f6+ {[%clk 0:38:07]} 0-1

[Event "Classic Open"]
[Site "Estonia Resort Hotel & Spa conference center, Parnu, EE"]
[Date "2025.08.12"]
[Round "3"]
[White "Bogner, Sebastian"]
[Black "Savitha Shri B"]
[Result "1/2-1/2"]
[Board "2"]
[WhiteFideId "4692055"]
[BlackFideId "35061887"]
[WhiteTitle "GM"]
[BlackTitle "IM"]
[WhiteElo "2552"]
[BlackElo "2326"]
[WhiteTeam "SUI"]
[BlackTeam "IND"]
[WhiteClock "0:02:27"]
[BlackClock "0:02:01"]
[Variant "Standard"]

1. d4 {[%clk 1:30:58]}  d5 {[%clk 1:27:04]} 2. c4 {[%clk 1:31:21]}  c6 {[%clk 1:27:17]} 3. Nf3 {[%clk 1:31:44]}  Nf6 {[%clk 1:27:24]} 4. Nc3 {[%clk 1:30:54]}  e6 {[%clk 1:27:45]} 5. Bg5 {[%clk 1:29:33]}  h6 {[%clk 1:25:49]} 6. Bh4 {[%clk 1:29:57]}  dxc4 {[%clk 1:23:10]} 7. e4 {[%clk 1:30:26]}  b5 {[%clk 1:21:00]} 8. e5 {[%clk 1:28:51]}  g5 {[%clk 1:21:26]} 9. Nxg5 {[%clk 1:29:15]}  hxg5 {[%clk 1:21:54]} 10. Bxg5 {[%clk 1:29:38]}  Be7 {[%clk 1:22:22]} 11. exf6 {[%clk 1:29:50]}  Bxf6 {[%clk 1:22:47]} 12. Bxf6 {[%clk 1:29:39]}  Qxf6 {[%clk 1:23:11]} 13. Qd2 {[%clk 1:23:56]}  Na6 {[%clk 1:09:57]} 14. Be2 {[%clk 1:01:09]}  Bb7 {[%clk 1:08:39]} 15. a4 {[%clk 1:00:51]}  Rh4 {[%clk 0:57:02]} 16. axb5 {[%clk 0:46:18]}  Nb4 {[%clk 0:37:43]} 17. bxc6 {[%clk 0:27:24]}  Bxc6 {[%clk 0:34:47]} 18. Nb5 {[%clk 0:27:32]}  Nd3+ {[%clk 0:31:33]} 19. Bxd3 {[%clk 0:28:00]}  Bxb5 {[%clk 0:31:58]} 20. Be2 {[%clk 0:19:43]}  Qxd4 {[%clk 0:22:19]} 21. Qg5 {[%clk 0:09:32]}  Bc6 {[%clk 0:19:38]} 22. Rd1 {[%clk 0:09:46]}  Qf4 {[%clk 0:18:07]} 23. Qc5 {[%clk 0:06:52]}  Rc8 {[%clk 0:12:04]} 24. Bf3 {[%clk 0:03:29]}  Qc7 {[%clk 0:09:36]} 25. Bxc6+ {[%clk 0:02:03]}  Qxc6 {[%clk 0:10:04]} 26. Qxc6+ {[%clk 0:02:10]}  Rxc6 {[%clk 0:10:33]} 27. Kd2 {[%clk 0:01:32]}  Rb6 {[%clk 0:07:40]} 28. Kc2 {[%clk 0:01:49]}  Rh5 {[%clk 0:06:48]} 29. Ra1 {[%clk 0:02:15]}  Rhb5 {[%clk 0:06:53]} 30. Rhb1 {[%clk 0:02:32]}  a5 {[%clk 0:02:29]} 31. f4 {[%clk 0:02:57]}  Rh5 {[%clk 0:02:19]} 32. h3 {[%clk 0:03:03]}  Rb3 {[%clk 0:02:17]} 33. Ra3 {[%clk 0:00:42]}  Rhb5 {[%clk 0:02:45]} 34. Rxb3 {[%clk 0:00:37]}  Rxb3 {[%clk 0:03:14]} 35. f5 {[%clk 0:00:33]}  exf5 {[%clk 0:01:47]} 36. Re1+ {[%clk 0:00:37]}  Kd7 {[%clk 0:00:50]} 37. Re5 {[%clk 0:01:05]}  Rg3 {[%clk 0:01:15]} 38. Rxf5 {[%clk 0:01:27]}  Rxg2+ {[%clk 0:01:44]} 39. Kc3 {[%clk 0:01:48]}  Rg3+ {[%clk 0:01:13]} 40. Kxc4 {[%clk 0:02:13]}  Rxh3 {[%clk 0:01:42]} 41. Rxf7+ {[%clk 0:02:27]}  Kc6 {[%clk 0:02:01]} 1/2-1/2

[Event "Classic Open"]
[Site "Estonia Resort Hotel & Spa conference center, Parnu, EE"]
[Date "2025.08.12"]
[Round "3"]
[White "Vingris,Mikelis"]
[Black "Meshkovs, Nikita"]
[Result "0-1"]
[Board "3"]
[WhiteFideId "11611731"]
[BlackFideId "11602740"]
[BlackTitle "GM"]
[WhiteElo "2287"]
[BlackElo "2547"]
[WhiteTeam "LAT"]
[BlackTeam "LAT"]
[WhiteClock "0:05:17"]
[BlackClock "0:04:52"]
[Variant "Standard"]

1. e4 {[%clk 1:27:45]}  c5 {[%clk 1:30:49]} 2. Nf3 {[%clk 1:28:06]}  e6 {[%clk 1:30:38]} 3. d4 {[%clk 1:28:31]}  cxd4 {[%clk 1:31:01]} 4. Nxd4 {[%clk 1:28:56]}  Nc6 {[%clk 1:31:11]} 5. Nc3 {[%clk 1:29:10]}  Qc7 {[%clk 1:31:16]} 6. Be3 {[%clk 1:29:16]}  a6 {[%clk 1:31:21]} 7. Qf3 {[%clk 1:29:03]}  h5 {[%clk 1:26:03]} 8. O-O-O {[%clk 1:28:06]}  Ne5 {[%clk 1:22:56]} 9. Qg3 {[%clk 1:28:05]}  h4 {[%clk 1:21:26]} 10. Qh3 {[%clk 1:28:06]}  Ng6 {[%clk 1:21:20]} 11. Bd3 {[%clk 1:17:13]}  Nf6 {[%clk 1:18:46]} 12. Rhf1 {[%clk 1:13:51]}  Bb4 {[%clk 0:58:51]} 13. Nde2 {[%clk 1:08:54]}  e5 {[%clk 0:49:23]} 14. Qf3 {[%clk 0:57:59]}  d6 {[%clk 0:42:53]} 15. h3 {[%clk 0:55:11]}  Bxc3 {[%clk 0:34:22]} 16. Nxc3 {[%clk 0:55:04]}  Be6 {[%clk 0:34:51]} 17. Qe2 {[%clk 0:48:41]}  Nh5 {[%clk 0:32:13]} 18. Qd2 {[%clk 0:45:34]}  Nhf4 {[%clk 0:29:37]} 19. Rg1 {[%clk 0:45:06]}  Rc8 {[%clk 0:29:38]} 20. Kb1 {[%clk 0:44:00]}  O-O {[%clk 0:23:20]} 21. g3 {[%clk 0:40:18]}  hxg3 {[%clk 0:21:29]} 22. fxg3 {[%clk 0:40:07]}  Nxd3 {[%clk 0:21:57]} 23. Qxd3 {[%clk 0:40:27]}  Rfd8 {[%clk 0:22:01]} 24. g4 {[%clk 0:35:30]}  b5 {[%clk 0:19:03]} 25. Rg2 {[%clk 0:25:34]}  Qa5 {[%clk 0:15:51]} 26. Nd5 {[%clk 0:24:02]}  Bxd5 {[%clk 0:16:04]} 27. exd5 {[%clk 0:23:35]}  Rc4 {[%clk 0:15:54]} 28. Rf2 {[%clk 0:22:35]}  e4 {[%clk 0:06:56]} 29. Qe2 {[%clk 0:22:16]}  Rdc8 {[%clk 0:07:07]} 30. Bd4 {[%clk 0:19:25]}  Rxc2 {[%clk 0:05:10]} 31. Qxc2 {[%clk 0:12:37]}  Rxc2 {[%clk 0:05:38]} 32. Rxc2 {[%clk 0:13:01]}  Nf4 {[%clk 0:06:02]} 33. Rc8+ {[%clk 0:13:00]}  Kh7 {[%clk 0:06:31]} 34. Re8 {[%clk 0:12:20]}  Qa4 {[%clk 0:05:57]} 35. b3 {[%clk 0:12:23]}  Qb4 {[%clk 0:06:26]} 36. Rxe4 {[%clk 0:11:42]}  Nxd5 {[%clk 0:06:54]} 37. Rde1 {[%clk 0:08:05]}  Qd2 {[%clk 0:06:29]} 38. Bb2 {[%clk 0:06:40]}  Nb4 {[%clk 0:06:41]} 39. R4e3 {[%clk 0:05:30]}  Qc2+ {[%clk 0:07:09]} 40. Ka1 {[%clk 0:05:53]}  Qg6 {[%clk 0:05:25]} 41. Bc3 {[%clk 0:05:32]}  Nc2+ {[%clk 0:05:08]} 42. Kb2 {[%clk 0:05:58]}  b4 {[%clk 0:04:47]} 43. Bd2 {[%clk 0:05:39]}  a5 {[%clk 0:04:38]} 44. R1e2 {[%clk 0:05:56]}  Na3 {[%clk 0:04:33]} 45. Re1 {[%clk 0:05:17]}  Qc2+ {[%clk 0:04:52]} 0-1

[Event "Classic Open"]
[Site "Estonia Resort Hotel & Spa conference center, Parnu, EE"]
[Date "2025.08.12"]
[Round "3"]
[White "Rudzkis, Vilius"]
[Black "Laurusas, Tomas"]
[Result "0-1"]
[Board "4"]
[WhiteFideId "12827355"]
[BlackFideId "12803731"]
[BlackTitle "GM"]
[WhiteElo "2146"]
[BlackElo "2500"]
[WhiteTeam "LTU"]
[BlackTeam "LTU"]
[WhiteClock "0:00:37"]
[BlackClock "0:01:49"]
[Variant "Standard"]

1. d4 {[%clk 1:30:23]}  Nf6 {[%clk 1:30:43]} 2. c4 {[%clk 1:30:35]}  e6 {[%clk 1:31:03]} 3. Nc3 {[%clk 1:30:40]}  Bb4 {[%clk 1:31:25]} 4. Bd2 {[%clk 1:30:44]}  d5 {[%clk 1:24:50]} 5. e3 {[%clk 1:30:28]}  O-O {[%clk 1:25:09]} 6. Nf3 {[%clk 1:30:10]}  b6 {[%clk 1:24:29]} 7. Be2 {[%clk 1:26:44]}  Bb7 {[%clk 1:18:04]} 8. O-O {[%clk 1:27:02]}  Bd6 {[%clk 1:15:49]} 9. Rc1 {[%clk 1:25:53]}  a6 {[%clk 1:12:56]} 10. Bd3 {[%clk 1:18:41]}  Nbd7 {[%clk 1:10:22]} 11. Qe2 {[%clk 1:18:42]}  Ne4 {[%clk 1:04:39]} 12. a3 {[%clk 1:11:09]}  c5 {[%clk 0:56:39]} 13. Rfd1 {[%clk 1:08:27]}  cxd4 {[%clk 0:51:05]} 14. Nxd4 {[%clk 1:03:00]}  Ne5 {[%clk 0:43:47]} 15. cxd5 {[%clk 0:41:34]}  exd5 {[%clk 0:23:50]} 16. Bb1 {[%clk 0:38:51]}  Qf6 {[%clk 0:22:04]} 17. Be1 {[%clk 0:37:20]}  Rad8 {[%clk 0:21:26]} 18. f3 {[%clk 0:27:39]}  Nc5 {[%clk 0:19:06]} 19. b4 {[%clk 0:19:34]}  Ne6 {[%clk 0:16:57]} 20. Ba2 {[%clk 0:19:38]}  Bb8 {[%clk 0:12:35]} 21. Na4 {[%clk 0:16:19]}  Nc4 {[%clk 0:07:17]} 22. Nxe6 {[%clk 0:07:53]}  Qxe6 {[%clk 0:07:43]} 23. e4 {[%clk 0:07:41]}  Bf4 {[%clk 0:04:38]} 24. Rc3 {[%clk 0:06:48]}  Bc6 {[%clk 0:04:44]} 25. Bxc4 {[%clk 0:03:40]}  dxc4 {[%clk 0:05:13]} 26. Nxb6 {[%clk 0:02:20]}  Be5 {[%clk 0:01:52]} 27. Rcc1 {[%clk 0:02:36]}  Bc7 {[%clk 0:00:57]} 28. Bf2 {[%clk 0:00:45]}  Rxd1+ {[%clk 0:01:11]} 29. Qxd1 {[%clk 0:01:01]}  Qh6 {[%clk 0:00:35]} 30. g3 {[%clk 0:00:44]}  Bxb6 {[%clk 0:00:43]} 31. Bxb6 {[%clk 0:01:09]}  Ba4 {[%clk 0:00:58]} 32. Qxa4 {[%clk 0:00:32]}  Qxc1+ {[%clk 0:01:22]} 33. Kg2 {[%clk 0:00:58]}  Qd2+ {[%clk 0:01:36]} 34. Kg1 {[%clk 0:00:37]}  c3 {[%clk 0:01:49]} 0-1